Estadísticas para Formas de Países Prueba #3

Haz click aquí para tomar la prueba!

Estadísticas generales

  • Esta prueba ha sido tomada 4,039 veces
  • La puntuación promedio es 11 de 16

Estadísticas de respuestas

Answer % Correct
Alemania
89%
Portugal
88%
Chipre
83%
Somalia
82%
Tailandia
77%
Madagascar
76%
Croacia
72%
Perú
70%
Mongolia
70%
Suecia
69%
Ucrania
59%
Irán
58%
Chad
57%
R. D. Congo
49%
Bangladés
45%
Haití
41%

Distribución de puntuación

Porcentaje por número respondido

Porcentaje de gente con cada puntuación

Historial de tus puntuaciones

No has tomado esta prueba